000 01052nas a2200277 4500
001 BR8702100
003 BR-BrBNA
005 20231205090643.0
007 ta
008 230509b bl.|||p| |||| 00| 00por d
040 _aBR-BrBNA
_bpor
_cBiblioteca Nacional de Agricultura
041 _a(Pt)
072 _aF61
100 1 _aPrimavesi, O.
100 1 _aMello, F.A.F. de
100 1 _aMuraoka, T.
245 1 _aConcentracao e acumulo de aluminio e micronutrientes por feijoeiro (Phaseolus vulgaris L.), em dois solos submetidos a compactacao
_bParte de tese
246 1 _aConcentration and accumulation of aluminium and micronutrients by common beans (Phaseolus vulgaris L.)in two soils subjected to compaction
_bPart of thesis
650 _aFEIJAO
650 _aMICROELEMENTO
650 _aALUMINIO
650 _aCOMPACTACAO DO SOLO
773 0 _tAnais da Escola Superior de Agricultura Luiz de Queiroz (Brazil)
_xISSN 0071-1276
_g(1985), v. 42(2) p. 303-325
_wBR8702100
909 _a202311
_bLúcia
_c55
_dLúcia Elande
942 _2AGRIS
_n0
_cANA
999 _c120041
_d120041